E-governance in Uttar Pradesh: Challenges and prospects (Record no. 109300)

000 -LEADER
fixed length control field 01566pab a2200181 454500
008 - FIXED-LENGTH DATA ELEMENTS--GENERAL INFORMATION
fixed length control field 180718b2015 xxu||||| |||| 00| 0 eng d
100 ## - MAIN ENTRY--PERSONAL NAME
Personal name Joshi, Shruti
245 ## - TITLE STATEMENT
Title E-governance in Uttar Pradesh: Challenges and prospects
260 ## - PUBLICATION, DISTRIBUTION, ETC.
Date of publication, distribution, etc. 2015
300 ## - PHYSICAL DESCRIPTION
Extent p.229-240/
362 ## - DATES OF PUBLICATION AND/OR SEQUENTIAL DESIGNATION
Dates of publication and/or sequential designation Apr-Jun
520 ## - SUMMARY, ETC.
Summary, etc. The wave of IT has swept the entire world with knowledge-based initiatives. E-governance has proved to be a decisive attempt at creating a citizen-friendly, transparent, and accountable administration. It has become a cogent conduit between people and administration. State governments are increasingly using information technology to improve efficiency and provide online services to citizens. Uttar Pradesh too has embraced this concept and has progressively undertaken several projects and initiatives to establish its own mark in this endeavour. They have faced significant challenges due to the economic, social and demographic dimensions of the vast state. A comparative analysis of major projects in Uttar Pradesh with similar projects in other states could help us in evaluating e-governance initiatives in Uttar Pradesh and in giving suitable recommendation in making them more effective. A triad of strong political will, dogged administrative determination, and active citizen participation can definitely facilitate in realising the Midas touch of e-governance. - Reproduced.
650 ## - SUBJECT ADDED ENTRY--TOPICAL TERM
Topical term or geographic name entry element Good governance
650 ## - SUBJECT ADDED ENTRY--TOPICAL TERM
Topical term or geographic name entry element Public administration
650 ## - SUBJECT ADDED ENTRY--TOPICAL TERM
Topical term or geographic name entry element E governance
773 ## - HOST ITEM ENTRY
Main entry heading Indian Journal of Public Administration
909 ## -
-- 109305
Holdings
Withdrawn status Lost status Damaged status Not for loan Permanent Location Current Location Date acquired Serial Enumeration / chronology Barcode Date last seen Price effective from Koha item type
        Indian Institute of Public Administration Indian Institute of Public Administration 2018-07-19 Volume no: 61, Issue no: 2 AR109765 2018-07-19 2018-07-19 Articles

Powered by Koha